|
|
|
|
| LEADER |
01689nam a2200409 a 4500 |
| 001 |
000775391 |
| 003 |
CZ BrMZK |
| 005 |
20070130095944.0 |
| 007 |
ta |
| 008 |
050520s2005 xr erp 000 0 cze d |
| 015 |
|
|
|a cnb001533217
|
| 020 |
|
|
|a 80-248-0837-4
|q (brož.)
|
| 035 |
|
|
|a (OCoLC)85144019
|
| 040 |
|
|
|a BOA001
|b cze
|
| 072 |
|
7 |
|a 657
|x Účetnictví
|2 Konspekt
|9 4
|
| 072 |
|
7 |
|a 37.016
|x Učební osnovy. Vyučovací předměty. Učebnice
|2 Konspekt
|9 22
|
| 080 |
|
|
|a 657
|2 MRF
|
| 080 |
|
|
|a (075.8)
|2 MRF
|
| 100 |
1 |
|
|a Hótová, Renáta
|7 xx0002743
|4 aut
|
| 245 |
1 |
0 |
|a Účetnictví /
|c Renáta Hótová a kolektiv
|
| 250 |
|
|
|a 1. vyd.
|
| 260 |
|
|
|a Ostrava :
|b VŠB - Technická univerzita,
|c 2005
|
| 300 |
|
|
|a 168 s. ;
|c 29 cm
|
| 500 |
|
|
|a Nad názvem: Vysoká škola báňská - Technická univerzita Ostrava, Ekonomická fakulta
|
| 500 |
|
|
|a 800 výt.
|
| 504 |
|
|
|a Obsahuje bibliografii
|
| 521 |
8 |
|
|a Určeno pro posluchače 1. a 2. r. EkF
|
| 500 |
|
|
|a Dostupné též v digitální podobě v aplikaci Kramerius
|
| 650 |
0 |
7 |
|a účetnictví
|7 ph116911
|2 czenas
|
| 655 |
|
7 |
|a učebnice vysokých škol
|7 fd133772
|2 czenas
|
| 710 |
2 |
|
|a Vysoká škola báňská - Technická univerzita Ostrava.
|b Ekonomická fakulta
|7 kn20010709388
|
| 856 |
4 |
1 |
|u http://www.digitalniknihovna.cz/mzk/uuid/uuid:eb5b2f40-8bb2-11e6-88c5-005056827e52
|y Digitalizovaný dokument
|x NDK
|
| 910 |
|
|
|a BOA001
|b 3-1152.610
|
| 990 |
|
|
|a BK
|
| 991 |
|
|
|b 200507
|c NOV
|
| 996 |
6 |
|
|b 2610251885
|c 3-1152.610
|l MZK
|r Sklad / do 1 hodiny
|n 0
|p p.v.
|w 000775391
|u 000010
|a 1
|e BOA001
|j MZK50
|s P
|
| 996 |
7 |
|
|b 2610299456
|c 3-1152.610
|l MZK
|r Sklad / do 1 hodiny
|n 14
|p p.v.; dotisk 2006
|w 000775391
|u 000020
|a 1
|e BOA001
|j MZK50
|s A
|